| 000 | 01171 a2200229 4500 | ||
|---|---|---|---|
| 003 | Nust | ||
| 005 | 20221229083002.0 | ||
| 010 | _a 95026097 | ||
| 020 | _a0750697024 (alk. paper) | ||
| 040 | _cNust | ||
| 082 | 0 | 0 | _a621.395,TER |
| 100 | 1 |
_aTerrell, David L. _9106302 |
|
| 245 | 1 | 0 |
_aOp Amps : _bdesign, applications, and troubleshooting / _cDavid L. Terrell. |
| 250 | _a2nd ed. | ||
| 260 |
_aBoston : _bButterworth-Heinemann, _cc1996. |
||
| 300 |
_axv, 488 p. : _bill. ; _c26 cm. |
||
| 505 | _aBasic Concepts of the Integrated Operational Amplifier (Page-1), Amplifiers (Page-36) Voltage Comparators (Page-134), Oscillators (Page-173), Active Filters (Page-212), Power Supply Circuits (Page-248), Signal Processing Circuits (Page-289), Digital to Analog and Analog to Digital Conversion (Page-337), Arithmetic Function Circuits (Page-360), Nonideal OP Amp Characteristics (Page-383). Specialized Devices (Page-404). | ||
| 650 | 0 |
_aOperational amplifiers. _956206 |
|
| 856 | 4 | 2 |
_3Publisher description _uhttp://www.loc.gov/catdir/description/els032/95026097.html |
| 856 | 4 | 2 |
_3Table of contents _uhttp://www.loc.gov/catdir/toc/els032/95026097.html |
| 942 |
_2ddc _cBK |
||
| 999 |
_c183883 _d183883 |
||